Los militares y la democracia: balance de cincuenta años /
Kaydedildi:
| Yazar: | |
|---|---|
| Materyal Türü: | Metin |
| Dil: | Spanish |
| Konular: | |
| Etiketler: |
Etiketle
Etiket eklenmemiş, İlk siz ekleyin!
|
MARC
| LEADER | 00000 a a2200000 04500 | ||
|---|---|---|---|
| 001 | 10413 | ||
| 003 | cru CIDCACS/IIS | ||
| 005 | 20230103094631.0 | ||
| 008 | 230103b |||||||| |||| 00| 0 spa d | ||
| 040 | |c cru CIDCACS/IIS | ||
| 100 | 1 | |a Aguilera Peralta, Gabriel | |
| 245 | 1 | 4 | |a Los militares y la democracia: |b balance de cincuenta años / |c Gabriel Aguilera Peralta |
| 500 | |a Colección Centroamérica | ||
| 650 | |a FUERZAS ARMADAS | ||
| 650 | |a DEMOCRACIA | ||
| 650 | |a REVOLUCION | ||
| 650 | |a ANALISIS HISTORICO | ||
| 650 | |a GUERRA CIVIL | ||
| 650 | |a ESTADO | ||
| 650 | |a SOCIEDAD CIVIL | ||
| 773 | |g volumen 17, número 221; páginas 27-29 | ||
| 773 | 0 | |0 42425 |9 8069 |d México, D.F. Noticias de Guatemala |o 22436 |t Noticias de Guatemala, NG / | |
| 942 | |2 ddc |c PP | ||
| 999 | |c 24361 |d 24361 | ||
